000
00255nam a2200109Ia 4500
008
231212s1983 xx 000 0 und d
041
_a
eng
082
_a
621.384
100
_a
Shroder
245
_a
Electronic Communication
260
_a
Delhi
_b
Khanna
_c
1983
999
_c
958693
_d
958693